| 000 | 01020nam0a22002531 4500 | ||
|---|---|---|---|
| 001 | rc\754324 | ||
| 005 | 20250622121448.0 | ||
| 035 | _a(NLR Aleph) 006282496 | ||
| 090 |
_a7064426 _c7064426 |
||
| 100 | _a20040301d1985 |||y0rusy50 ca | ||
| 101 | 0 | _arus | |
| 102 | _aRU | ||
| 105 | _aa ||||||||| | ||
| 200 | 1 |
_aГЕОФИЗИЧЕСКИЕ поля и геотермический режим складчатого обрамления Дагестанского клина _e[Сб. ст. _fОтв. ред. д. ф.-м. н. С.С. Сардаров (мл.)] |
|
| 210 |
_aМахачкала _cБ. и. _d1985 |
||
| 215 |
_a180 с. _cил. _d22 |
||
| 225 | 1 |
_aСборник научных трудов _fАН СССР. Даг. фил., Ин-т пробл. геотермии _vВып. 3 |
|
| 320 | _aБиблиогр. в конце ст. | ||
| 702 | 1 |
_aСардаров _bС.С. _gСард Селимович _4340 |
|
| 801 | 0 |
_aRU _bNLR _gpsbo |
|
| 801 | 1 |
_aRU _bELAR _2rusmarc |
|
| 852 |
_aNLR _jП7/2158 |
||
| 942 | _cBOOK | ||
| 980 | _aNB | ||